000 01293cam a22002174a 4500
005 20250605164136.0
008 250528s ||||||||||||||||||||||||d
035 _a18789
020 _a521313139
040 _aGR-AtMCL
_bgre
_dGR-AtMCL
_eAACR2
245 1 _aBringing the State Back In
260 _bCambridge University Press,
_c1986
300 _a390
520 _aThis volume will appeal to a wide range of teachers and students of political science, political economy, sociology, history, and anthropology. Preface, Introduction, Bringing the State Back In: Strategies of Analysis in Current Research, States as Promoters of Economic Development and Social Redistribution, The State and Taiwan's Economic Development, States and Transnational Relations, War Making and State Making as Organized Crime, States and the Patterning of Social Conflicts, Hegemony and Religious Conflict: British Imperial Control and Political Cleavages in Yorubaland, State Power and the Strength of Civil Society in the Southern Cone of Latin America, Conclusion, On the Road Toward a More Adequate Understanding of the State, Index.
700 1 _aEvans Peter B
_95035
700 1 _aRueschemeyer Dietrich
_95036
700 1 _aSkocpol Theda
_95037
942 _cBK
999 _c4102
_d4102